000 00387nam a2200169Ia 4500
008 230524s9999 xx 000 0 und d
020 _a8174463453
082 _a4.6
_bGUP
100 _aS L Gupta
245 0 _aMarketing Research
250 _aIST
260 _aNEW DELHI
_bExcel
_c2007
300 _aXIII;593
500 _aQuantity Number: 2
650 _aManagement
942 _cBK
999 _c46548
_d46548